Statistiques concernant Anagrammes fruits

Cliquez ici pour prendre le quiz!

Statistiques générales

  • Ce quiz a été pris 7,417 fois
  • Le résultat moyen est 13 sur 19

Statistiques - réponses

Anagramme Fruit % Correct
DettaDatte
97%
FeraisFraise
95%
MuerMûre
93%
ProiePoire
90%
PerunPrune
89%
InoxNoix
87%
EgosillerGroseille
81%
EcriésCerise
77%
MielLime
76%
RigotteGriotte
65%
MonelMelon
64%
ManadeAmande
63%
NettoiesNoisette
59%
VioleOlive
53%
EmbelliraMirabelle
44%
EnfléNèfle
43%
DérangeGrenade
39%
RemiseMerise
28%
TenancierNectarine
12%

Distribution des résultats

Percentile par nombre de réponses

% des personnes avec chaque résultat

Votre développement - résultats

Vous n’avez pas pris ce quiz